00254nam a2200109Ia 4500100001900000654002200019245003200041260004300073082000800116300000800124546001200132 aMatthews/J.H.  aNumerical Methods aNumerical Methods For Maths bPrentice Hall of IndiaaNewDelhic1994 a515 a656 aENGLISH